000 00675nam a2200241Ia 4500
003 GCL
008 140319s9999 xx 000 0 ara d
040 _aGCL /
_cGCL
082 0 4 _a415.1
_bش ت
100 1 _aشوقى ضيف
245 1 0 _aتجديد النحو /
_cشوقى ضيف
250 _aالثالثة
260 _aالقاهرة :
_bدار المعارف ،
_c1990
300 _a282 ص ؛
_c25سم
490 _a
650 0 4 _aالنحو
650 0 4 _aاللغة العربية
650 0 4 _aالجملة الاسمية
650 0 4 _aالجر والمجرور
650 0 4 _aالمفعول
650 0 4 _aالجملة الفعلية
942 _2ddc
_cBK
999 _c27622
_d27622